| 000 | 01011nam a22003257a 4500 | ||
|---|---|---|---|
| 003 | OSt | ||
| 005 | 20230413141641.0 | ||
| 008 | 160608b xxu||||| |||| 00| 0 eng d | ||
| 010 | _a 2007583158 | ||
| 020 | _a037376751X (pbk.) | ||
| 020 | _a9780373767519 | ||
| 035 | _a(OCoLC)ocm71328973 | ||
| 035 | _a(OCoLC)71328973 | ||
| 040 |
_aMMU _cMMU _dMMU _dMMU _dMMU _beng |
||
| 042 | _alccopycat | ||
| 050 | 0 | 0 | _aPS3569.4 .W45 2006 |
| 100 | 1 | _aWhitefeather, Sheri. | |
| 245 | 1 | 0 |
_aMarriage of revenge / _cSheri Whitefeather. |
| 260 |
_aNew York : _bSilhouette Books, _cc2006. |
||
| 300 |
_a184 p. : _c17 cm. |
||
| 440 | 0 |
_aSilhouette Desire ; _v1751 |
|
| 490 | 0 | _aThe Trueno brides | |
| 650 | 0 |
_aMarriage _vFiction. |
|
| 650 | 0 |
_aMan-woman relationships _vFiction. |
|
| 655 | 7 |
_aLove stories. _2gsafd |
|
| 710 | 2 |
_aCopyright Paperback Collection (Library of Congress) _5DLC |
|
| 906 |
_a7 _bcbc _ccopycat _d2 _encip _f20 _gy-genrareb |
||
| 942 |
_2lcc _cLOAN LOAN |
||
| 999 |
_c17414 _d17414 |
||